00579nam a22001697a 4500003000900000008004100009040007100050082001900121100003800140245005500178260003800233300002800271505004400299650002800343650002500371650001300396AR-CdUCM190327b ||||| |||| 00| 0 spa d aMUNICIPALIDAD PROVINCIAL DEL CUSCOcBIBLIOTECA MUNICIPAL DEL CUSCO a891.74 /bEV93 aEvtushenko, Evgenii Aleksndrovich aAutobiografía precoz :bSeguida de ocho poemas / aMéxico, D.F :bEds. Era,c1963. a180 páginas ;c19 cm. aContenido: Autobiografía de un poeta. aBiografía de un poeta aDocumento político aSiglo XX